| 000 | 00779nam a2200253Ia 4500 | ||
|---|---|---|---|
| 003 | OSt | ||
| 005 | 20220930201919.0 | ||
| 006 | a|||||r|||| 00| 0 | ||
| 007 | ta | ||
| 008 | 220926b |||||||| |||| 00| 0 eng d | ||
| 024 | _a81045 | ||
| 037 | _cDissertations | ||
| 040 |
_aCRL _cCRL _beng |
||
| 041 |
_2eng _aeng |
||
| 100 |
_aIyer R. D. _9566314 |
||
| 110 | _aUniversity of Delhi. Faculty of Science. Department of Botany | ||
| 245 | 0 | _aIn vitro studies on the ovules and placental tissue of Opuntia Dillenii law | |
| 260 | _c1958 | ||
| 650 | _aBOTANY | ||
| 700 |
_a Dr. R. C. Sachar Gu. _9566315 |
||
| 700 | _aUniversity of Delhi. Faculty of Science. Department of Botany | ||
| 942 |
_cDIS _2CC |
||
| 999 |
_c902540 _d902540 |
||